000 00707nam a22002177a 4500
999 _c6012
_d6012
005 20260127085626.0
008 260127b ||||| |||| 00| 0 eng d
020 _a9780008758738
040 _cKH8
082 _a813.6 PEI
100 _aPEIRCE,LINCOLN
_eAUTHOR
245 _aBIG NATE STRIKES AGAIN
260 _a1 London Bridge Street,London SE1 9GF
_bHarperCollins Children's Books
_c2025
300 _a215 Pages
_bColour illustration
_c20 cm x 13 cm
520 _aBig Nate has got his heart set on leading his sports team to victory! But it won't be easy. -Publisher-
650 _aJuvenile Literature
655 _aKids
655 _aFiction and Literature
655 _aHumour
942 _2ddc
_cFIC